[Event "GER-ch (Women)"]
[Site "Bad Wiessee"]
[Date "2017.04.03"]
[Round "4"]
[White "Lange, Cecilia"]
[Black "Henrichs, Wenke"]
[Result "1-0"]
[WhiteElo "1951"]
[BlackElo "1973"]
[PlyCount "109"]
[EventDate "2017.03.31"]
[EventType "swiss"]
[EventRounds "9"]
[EventCountry "GER"]
[SourceTitle "CBM 177 Extra"]
[Source "ChessBase"]
[SourceDate "2017.04.27"]
[SourceVersion "1"]
[SourceVersionDate "2017.04.27"]
[SourceQuality "1"]

1. e4 e6 2. d4 d5 3. Nd2 Nf6 4. e5 Nfd7 5. Bd3 c5 6. c3 Nc6 7. Ne2 Qb6 8. Nf3 cxd4 9. cxd4 f6 10. exf6 Nxf6 11. 0-0 Bd6 12. b3 0-0 13. Bb2 Qc7 14. Rc1 Ng4 15. Ng3 Bd7 16. Bxh7+ Kxh7 17. Ng5+ Kg8 18. Qxg4 Rf6 19. Qh5 Rh6 20. Qf7+ Kh8 21. Qf3 Be8 22. Rfe1 Qd7 23. Re2 Kg8 24. Rce1 Nd8 25. Bc1 Bb4 26. Bd2 Bxd2 27. Rxd2 Rc8 28. Ne2 Qe7 29. Qe3 Qf6 30. Nc1 Bd7 31. Nd3 Rc3 32. Qe5 b6 33. h3 Rg6 34. h4 Rh6 35. g3 Nc6 36. Qxf6 gxf6 37. Nxe6 Bxe6 38. Rxe6 Nxd4 39. Re3 Kf8 40. Kg2 Nc6 41. Nf4 d4 42. Rxc3 dxc3 43. Rc2 Nb4 44. Rxc3 Nxa2 45. Rc8+ Ke7 46. Rc7+ Kd6 47. Rxa7 Nc1 48. b4 Kc6 49. Ra1 Nb3 50. Rd1 Kb5 51. Nd5 f5 52. Kf3 Kc4 53. Kf4 Nd4 54. Ne3+ Kc3 55. Rxd4 1-0

[Event "GER-ch (Women)"]
[Site "Bad Wiessee"]
[Date "2017.04.02"]
[Round "3"]
[White "Henrichs, Wenke"]
[Black "Morosova, Svetlana"]
[Result "1/2-1/2"]
[WhiteElo "1973"]
[BlackElo "1674"]
[PlyCount "84"]
[EventDate "2017.03.31"]
[EventType "swiss"]
[EventRounds "9"]
[EventCountry "GER"]
[SourceTitle "CBM 177 Extra"]
[Source "ChessBase"]
[SourceDate "2017.04.27"]
[SourceVersion "1"]
[SourceVersionDate "2017.04.27"]
[SourceQuality "1"]

1. d4 Nf6 2. c4 g6 3. f3 Bg7 4. e4 d6 5. Nc3 0-0 6. Bg5 h6 7. Be3 Nbd7 8. Qd2 Kh7 9. Nge2 e5 10. d5 b6 11. Nc1 a5 12. Be2 Nh5 13. Nd3 Nc5 14. 0-0 Nxd3 15. Bxd3 Nf6 16. b3 Nd7 17. a3 Nc5 18. Bc2 f5 19. b4 Nb7 20. exf5 Bxf5 21. Ne4 Qe7 22. Bd3 Rfb8 23. Qc2 Qe8 24. g4 Bxe4 25. Bxe4 axb4 26. axb4 Kh8 27. Bxg6 Qd8 28. h3 Qh4 29. Kg2 Rxa1 30. Rxa1 e4 31. Rf1 exf3+ 32. Rxf3 Ra8 33. Bf2 Qg5 34. Bf5 Ra1 35. Qe4 Be5 36. Be6 Bf6 37. h4 Qc1 38. Bd4 Qh1+ 39. Kg3 Qxh4+ 40. Kg2 Qh1+ 41. Kg3 Qh4+ 42. Kg2 Qh1+ 1/2-1/2

[Event "GER-chT Federal Cup (Women)"]
[Site "Braunfels"]
[Date "2016.05.29"]
[Round "5.5"]
[White "Dirmeier, Carolin"]
[Black "Henrichs, Wenke"]
[Result "1-0"]
[WhiteElo "1982"]
[BlackElo "1954"]
[PlyCount "55"]
[EventDate "2016.05.26"]
[EventType "team-swiss"]
[EventRounds "5"]
[EventCountry "GER"]
[SourceTitle "EXT 2019"]
[Source "ChessBase"]
[SourceDate "2018.10.10"]
[SourceVersion "1"]
[SourceVersionDate "2018.10.10"]
[SourceQuality "1"]
[WhiteTeam "Bayern (W)"]
[BlackTeam "Nordrhein Westfalen (W)"]
[WhiteTeamCountry "GER"]
[BlackTeamCountry "GER"]

1. e4 e6 2. d4 d5 3. exd5 exd5 4. Nf3 Nc6 5. Bb5 Bd6 6. c4 dxc4 7. d5 a6 8. Ba4 b5 9. dxc6 bxa4 10. Qc2 Be6 11. Nc3 a3 12. Nd4 axb2 13. Bxb2 Nf6 14. Nxe6 fxe6 15. 0-0 0-0 16. Ne4 Ng4 17. h3 Nh2 18. Rfd1 Nf3+ 19. gxf3 Rxf3 20. Qe2 Rxh3 21. Qg4 c3 22. Bxc3 Rxc3 23. Nxc3 Qe8 24. Ne4 Be5 25. Rac1 Qe7 26. Rc5 Bd6 27. Nxd6 cxd6 28. Rc2 1-0

[Event "GER-chT Federal Cup (Women)"]
[Site "Braunfels"]
[Date "2016.05.28"]
[Round "4.5"]
[White "Henrichs, Wenke"]
[Black "Just, Anita"]
[Result "1-0"]
[WhiteElo "1954"]
[BlackElo "1884"]
[PlyCount "113"]
[EventDate "2016.05.26"]
[EventType "team-swiss"]
[EventRounds "5"]
[EventCountry "GER"]
[SourceTitle "EXT 2019"]
[Source "ChessBase"]
[SourceDate "2018.10.10"]
[SourceVersion "1"]
[SourceVersionDate "2018.10.10"]
[SourceQuality "1"]
[WhiteTeam "Nordrhein Westfalen (W)"]
[BlackTeam "Sachsen (W)"]
[WhiteTeamCountry "GER"]
[BlackTeamCountry "GER"]

1. d4 e6 2. c4 f5 3. Nf3 Nf6 4. g3 Bb4+ 5. Nbd2 0-0 6. Bg2 Qe8 7. a3 Bxd2+ 8. Bxd2 d6 9. Bc3 Nbd7 10. b4 e5 11. 0-0 f4 12. dxe5 dxe5 13. gxf4 exf4 14. Qd4 Qe4 15. Rad1 Re8 16. Qxe4 Nxe4 17. Bb2 Nb6 18. Ne5 Nf6 19. c5 Na4 20. Ba1 a5 21. Rd2 Ra6 22. Rfd1 Rae6 23. Rd8 R6e7 24. Rxe8+ Rxe8 25. Rd2 Kf8 26. Nc4 axb4 27. axb4 Ke7 28. Be5 Be6 29. Na5 b6 30. cxb6 cxb6 31. Bc6 Rc8 32. Bxa4 bxa5 33. bxa5 Rc1+ 34. Rd1 Rc4 35. Bb5 Rc2 36. Ra1 Rc5 37. Bxf6+ Kxf6 38. Bd3 Bd5 39. a6 Rc8 40. f3 h6 41. Ra5 Ke6 42. a7 Ra8 43. Rxd5 Rxa7 44. Rb5 Ra1+ 45. Kg2 Ra7 46. Kh3 Ra1 47. Rb6+ Ke7 48. Rg6 Kf7 49. Kg4 Ra4 50. h4 Rb4 51. Rc6 Rd4 52. Be4 Rd2 53. Bd3 Rd1 54. Kxf4 Rh1 55. Bg6+ Ke7 56. h5 Ra1 57. Rc7+ 1-0

[Event "GER-chT Federal Cup (Women)"]
[Site "Braunfels"]
[Date "2016.05.26"]
[Round "1.5"]
[White "Heil, Marina"]
[Black "Henrichs, Wenke"]
[Result "1-0"]
[WhiteElo "1880"]
[BlackElo "1954"]
[PlyCount "75"]
[EventDate "2016.05.26"]
[EventType "team-swiss"]
[EventRounds "5"]
[EventCountry "GER"]
[SourceTitle "EXT 2019"]
[Source "ChessBase"]
[SourceDate "2018.10.10"]
[SourceVersion "1"]
[SourceVersionDate "2018.10.10"]
[SourceQuality "1"]
[WhiteTeam "Wuerttemberg (W)"]
[BlackTeam "Nordrhein Westfalen (W)"]
[WhiteTeamCountry "GER"]
[BlackTeamCountry "GER"]

1. e4 e6 2. d4 d5 3. Nc3 Nf6 4. Bg5 Bb4 5. e5 h6 6. Bxf6 gxf6 7. exf6 c5 8. a3 Ba5 9. Nge2 cxd4 10. Qxd4 Nc6 11. Qh4 Ne5 12. 0-0-0 Ng6 13. Qa4+ Bd7 14. Qb3 Bb6 15. f3 Qxf6 16. Na4 0-0 17. Nxb6 axb6 18. Qxb6 Rfc8 19. Qd4 Qf5 20. Nc3 Bc6 21. Kb1 e5 22. Qf2 d4 23. Na2 Nf4 24. Nb4 Ba4 25. Rd2 Ra5 26. g3 Ne6 27. Bd3 Qf6 28. Be4 Nc5 29. Nd5 Qd6 30. Bf5 Rc6 31. Nb4 Rc7 32. f4 exf4 33. Rxd4 fxg3 34. hxg3 Qf8 35. Rg4+ Kh8 36. Qd4+ f6 37. Rxh6+ Qxh6 38. Qd8+ 1-0

[Event "Ruhrgebiet Verbandsliga Gruppe 2 1516"]
[Site "Germany"]
[Date "2016.04.24"]
[Round "9.3"]
[White "Achenbach, Manfred"]
[Black "Henrichs, Wenke"]
[Result "0-1"]
[WhiteElo "1929"]
[BlackElo "1947"]
[PlyCount "104"]
[EventDate "2015.09.06"]
[EventType "team-tourn"]
[EventRounds "9"]
[EventCountry "GER"]
[SourceTitle "EXT 2022"]
[Source "ChessBase"]
[SourceDate "2021.10.06"]
[SourceVersion "1"]
[SourceVersionDate "2021.10.06"]
[SourceQuality "1"]
[WhiteTeam "Muelheim SC"]
[BlackTeam "Wattenscheid SV III"]
[WhiteTeamCountry "GER"]
[BlackTeamCountry "GER"]

1. Nf3 Nf6 2. c4 g6 3. g3 Bg7 4. Bg2 d6 5. d4 0-0 6. 0-0 Na6 7. Nc3 c6 8. h3 Qc7 9. e4 e5 10. Be3 Be6 11. d5 cxd5 12. cxd5 Bd7 13. Rc1 Qa5 14. Nd2 b5 15. Nb3 Qd8 16. Qe2 Nc7 17. a3 Nfe8 18. f4 a5 19. Qd2 a4 20. Na1 Rb8 21. Nc2 Na6 22. fxe5 Bxe5 23. Bg5 f6 24. Bf4 Nc5 25. Qe3 Nb3 26. Rcd1 Qb6 27. Bxe5 Qxe3+ 28. Nxe3 fxe5 29. Nc2 Nf6 30. Kh2 Na5 31. g4 Nc4 32. Rf3 Kg7 33. Kg3 Nxb2 34. Rb1 Nc4 35. Rd3 Rfc8 36. Bf3 Nd2 37. Re1 Nxf3 38. Kxf3 Rc4 39. Nb4 Rbc8 40. Ree3 h6 41. Kg2 g5 42. Nc6 Bxc6 43. dxc6 R8xc6 44. Nxb5 Nxe4 45. Kf3 Nf6 46. Nxd6 Rf4+ 47. Ke2 Rc2+ 48. Rd2 Rf2+ 49. Kxf2 Rxd2+ 50. Re2 Rxd6 51. Rxe5 Rd3 52. Re3 Rxe3 0-1

[Event "Ruhrgebiet Verbandsliga Gruppe 2 1516"]
[Site "Germany"]
[Date "2016.02.21"]
[Round "7.3"]
[White "Limberg, Matthias"]
[Black "Henrichs, Wenke"]
[Result "1-0"]
[WhiteElo "2027"]
[BlackElo "1982"]
[PlyCount "103"]
[EventDate "2015.09.06"]
[EventType "team-tourn"]
[EventRounds "9"]
[EventCountry "GER"]
[SourceTitle "EXT 2022"]
[Source "ChessBase"]
[SourceDate "2021.10.06"]
[SourceVersion "1"]
[SourceVersionDate "2021.10.06"]
[SourceQuality "1"]
[WhiteTeam "Oberhausen SV II"]
[BlackTeam "Wattenscheid SV III"]
[WhiteTeamCountry "GER"]
[BlackTeamCountry "GER"]

1. d4 e6 2. Nf3 f5 3. g3 Nf6 4. Bg2 d5 5. 0-0 Bd6 6. c4 c6 7. b3 Qe7 8. Bb2 0-0 9. Qc1 b6 10. Ba3 Bxa3 11. Qxa3 Qxa3 12. Nxa3 Bb7 13. Rac1 Na6 14. cxd5 exd5 15. Nb1 Rac8 16. Nc3 Rfe8 17. e3 Ne4 18. Ne5 g6 19. Rfd1 Nd6 20. Bf1 Nc7 21. Rc2 Ne6 22. Rdc1 Kg7 23. Ne2 c5 24. dxc5 bxc5 25. Bg2 Ne4 26. Nf4 Nxf4 27. gxf4 d4 28. Bxe4 Bxe4 29. Rxc5 Rxc5 30. Rxc5 dxe3 31. fxe3 Re7 32. Kf2 Kh6 33. b4 Rb7 34. b5 Kh5 35. Kg3 h6 36. h4 g5 37. hxg5 hxg5 38. Rc8 Kh6 39. a4 gxf4+ 40. Kxf4 Kg7 41. Kg5 a6 42. Rc5 axb5 43. axb5 Kf8 44. Kf6 Rb6+ 45. Nc6 Ke8 46. Ke5 Kd7 47. Nd4 Bd3 48. Rc3 Be4 49. Rb3 Rb8 50. Nxf5 Re8+ 51. Kf4 Bd5 52. Rd3 1-0

[Event "Ruhrgebiet Verbandsliga Gruppe 2 1516"]
[Site "Germany"]
[Date "2015.12.20"]
[Round "5.3"]
[White "Mueller, Martin"]
[Black "Henrichs, Wenke"]
[Result "1-0"]
[WhiteElo "2019"]
[BlackElo "1982"]
[PlyCount "55"]
[EventDate "2015.09.06"]
[EventType "team-tourn"]
[EventRounds "9"]
[EventCountry "GER"]
[SourceTitle "EXT 2022"]
[Source "ChessBase"]
[SourceDate "2021.10.06"]
[SourceVersion "1"]
[SourceVersionDate "2021.10.06"]
[SourceQuality "1"]
[WhiteTeam "Wanne-Eickel SV Unser Fritz"]
[BlackTeam "Wattenscheid SV III"]
[WhiteTeamCountry "GER"]
[BlackTeamCountry "GER"]

1. e4 e6 2. d4 d5 3. Nc3 Nf6 4. Bg5 Bb4 5. e5 h6 6. Bc1 Ne4 7. Qg4 g6 8. Nge2 c5 9. a3 cxd4 10. axb4 dxc3 11. Nxc3 Nxc3 12. bxc3 Qc7 13. Qg3 Bd7 14. b5 a5 15. Ba3 Bc8 16. c4 dxc4 17. Bd6 Qb6 18. Qh4 Qd8 19. Qxc4 Nd7 20. Bd3 Nb6 21. Qg4 Nd5 22. 0-0 g5 23. Rfd1 Bd7 24. c4 h5 25. Qd4 Ne7 26. Be4 Nf5 27. Bxf5 exf5 28. e6 1-0

[Event "Ruhrgebiet Verbandsliga Gruppe 2 1415"]
[Site "Germany"]
[Date "2015.04.26"]
[Round "9.1"]
[White "Henrichs, Wenke"]
[Black "Prass, Marian"]
[Result "0-1"]
[WhiteElo "2034"]
[BlackElo "1994"]
[PlyCount "56"]
[EventDate "2014.09.21"]
[EventType "team-tourn"]
[EventRounds "9"]
[EventCountry "GER"]
[SourceTitle "EXT 2022"]
[Source "ChessBase"]
[SourceDate "2021.10.06"]
[SourceVersion "1"]
[SourceVersionDate "2021.10.06"]
[SourceQuality "1"]
[WhiteTeam "Wattenscheid SV III"]
[BlackTeam "Altenessen"]
[WhiteTeamCountry "GER"]
[BlackTeamCountry "GER"]

1. d4 Nf6 2. c4 c5 3. d5 b5 4. Qc2 Na6 5. a3 bxc4 6. e4 e6 7. Bxc4 exd5 8. exd5 Nc7 9. Nc3 Bb7 10. Bg5 Be7 11. Bxf6 Bxf6 12. Nge2 d6 13. 0-0 0-0 14. Rad1 g6 15. f4 Bc8 16. f5 Rb8 17. Ng3 Be5 18. Rf3 Qh4 19. Bd3 Bd7 20. Be4 Nb5 21. Nxb5 Rxb5 22. b3 Kg7 23. Rdf1 a5 24. fxg6 hxg6 25. Bxg6 f6 26. Nh5+ Kh8 27. Qd2 Bxh2+ 28. Kh1 Bg3+ 0-1

[Event "GER-chT Federal Cup (Women)"]
[Site "Braunfels"]
[Date "2014.06.19"]
[Round "1.4"]
[White "Wagner, Swenja"]
[Black "Henrichs, Wenke"]
[Result "0-1"]
[WhiteElo "1498"]
[BlackElo "2017"]
[PlyCount "62"]
[EventDate "2014.06.19"]
[EventType "team-swiss"]
[EventRounds "5"]
[EventCountry "GER"]
[SourceTitle "EXT 2015"]
[Source "ChessBase"]
[SourceDate "2014.11.20"]
[SourceVersion "1"]
[SourceVersionDate "2014.11.20"]
[SourceQuality "1"]
[WhiteTeam "Mecklenburg Vorpommern (W)"]
[BlackTeam "Nordrhein Westfalen (W)"]
[WhiteTeamCountry "GER"]
[BlackTeamCountry "GER"]

1. e4 e6 2. d3 d5 3. Nd2 Nf6 4. Ngf3 c5 5. g3 Nc6 6. Bg2 Be7 7. 0-0 Rb8 8. Re1 0-0 9. Qe2 b5 10. Nf1 dxe4 11. dxe4 e5 12. b3 Bg4 13. c3 b4 14. h3 Bxf3 15. Qxf3 c4 16. Rd1 Qc8 17. bxc4 bxc3 18. Qxc3 Nd4 19. Qd3 Rd8 20. Rb1 Rxb1 21. Qxb1 Ne2+ 22. Kh2 Rxd1 23. Qc2 Rxc1 24. Qxe2 Qxc4 25. Qb2 Rxf1 26. Bxf1 Qxf1 27. Qb8+ Bf8 28. Qxa7 Nxe4 29. a4 Nxf2 30. g4 e4 31. a5 Bd6# 0-1

[Event "NRW Verbandsliga Group2 1314"]
[Site "Nordrheinwestfalen"]
[Date "2013.11.03"]
[Round "3"]
[White "Henrichs, Wenke"]
[Black "Huettemann, Karl Heinz"]
[Result "1-0"]
[WhiteElo "2037"]
[BlackElo "2075"]
[PlyCount "49"]
[EventDate "2013.09.08"]
[EventType "team-tourn"]
[EventRounds "9"]
[EventCountry "GER"]
[SourceTitle "EXT 2020"]
[Source "ChessBase"]
[SourceDate "2019.10.17"]
[SourceVersion "1"]
[SourceVersionDate "2019.10.17"]
[SourceQuality "1"]
[WhiteTeam "Wattenscheid SV IV"]
[BlackTeam "Dortmund SV"]
[WhiteTeamCountry "GER"]
[BlackTeamCountry "GER"]

1. d4 d5 2. Nf3 Nf6 3. e3 e6 4. Bd3 Nbd7 5. 0-0 Bd6 6. Nbd2 0-0 7. b3 e5 8. dxe5 Nxe5 9. Be2 Re8 10. Bb2 Nxf3+ 11. Nxf3 Bg4 12. Bxf6 gxf6 13. Nd4 Be6 14. Bd3 Bf8 15. Qh5 h6 16. f4 f5 17. Bxf5 Bg7 18. Rad1 c5 19. Bxe6 fxe6 20. Nf3 Qa5 21. Qg6 Qc3 22. Ne5 Qxe3+ 23. Kh1 Re7 24. Ng4 Qe4 25. Nf6+ 1-0